|
|
|
|
| LEADER |
00990nam a22002657a 4500 |
| 001 |
AAL4291 |
| 003 |
BD-DhAAL |
| 005 |
20160426144427.0 |
| 008 |
160426s 1998enk||||| |||| 00| 0 eng d |
| 020 |
|
|
|a 1861975678
|
| 040 |
|
|
|a BD-DhAAL
|c BD-DhAAL
|
| 082 |
|
|
|a 658.3124
|
| 100 |
|
|
|a Fisher, Roger
|9 19299
|
| 245 |
|
|
|a Lateral leadership :
|b getting things done when you are not the boss /
|c Roger Fisher; Alan Sharp; John Richardson
|
| 260 |
|
|
|a London :
|b HarperCollins,
|c ©1998.
|
| 300 |
|
|
|a xiii, 219 pages :
|b illustrations ;
|c 23 cm
|
| 541 |
|
|
|e 4291
|
| 650 |
|
|
|a Leadership
|9 19300
|
| 650 |
|
|
|a Management
|x Employee participation.
|9 19301
|
| 700 |
|
|
|a Sharp, Alan
|9 19302
|
| 700 |
|
|
|a Richardson, John
|9 19303
|
| 852 |
|
|
|a Savar Campus Library
|c General Shelf
|
| 942 |
|
|
|2 ddc
|c BK
|
| 999 |
|
|
|c 37493
|d 37493
|
| 952 |
|
|
|0 0
|1 0
|2 ddc
|4 0
|6 658_312400000000000_FIS
|7 0
|9 58868
|a SCL
|b SCL
|c GEN
|d 2016-04-26
|g 340.00
|l 2
|m 9
|o 658.3124 FIS
|p 3020004291
|r 2019-07-16
|s 2019-05-16
|t 1
|w 2016-04-26
|y BK
|